Statistics for Łódź Władysław Reymont Airport Destinations (Łódź, Poland)

Click here to take the quiz!

General Stats

  • This quiz has been taken 12 times
  • The average score is 3 of 10

Answer Stats

AirlineDestination% Correct
Wizz AirLondon (Luton)
70%
RyanairLondon (Stansted)
70%
RyanairDublin
60%
Enter Air/Pegasus AirlinesAntalya
50%
Enter Air/European Air CharterBurgas
30%
RyanairBergamo
20%
SkyUpKyiv
20%
RyanairAlicante
10%
SkyUpLviv
10%
RyanairCharleroi
0%

Score Distribution

Percentile by Number Answered

Percent of People with Each Score

Your Score History

You have not taken this quiz